| 000 | 00660cam a2200205 a 4500 | ||
|---|---|---|---|
| 999 |
_c12431 _d12431 |
||
| 003 | OSt | ||
| 005 | 20240116150248.0 | ||
| 008 | 091217s2011 nyuab 000 0 eng | ||
| 020 | _a9781568988238 (alk. paper) | ||
| 082 | 0 | 0 |
_a728 _222 _bECK |
| 100 | 1 | _aEck, Jeremiah. | |
| 245 | 1 | 0 |
_aHouse in the landscape : _bsiting your home naturally / _cJeremiah Eck. |
| 250 | _a1st ed. | ||
| 260 |
_aNew York : _bPrinceton Architectural Press, _cc2011. |
||
| 300 |
_a208 p. : _bill. (some col.), col. maps ; _c23 cm. |
||
| 650 | 0 |
_aArchitecture, Domestic _xEnvironmental aspects. |
|
| 650 | 0 | _aArchitect-designed houses. | |
| 650 | 0 |
_aHomesites _xPlanning. |
|
| 942 | _2ddc | ||